|
|
|
|
| LEADER |
01114nta a2200241 i 4500 |
| 001 |
dokt11244 |
| 005 |
20230112140336.0 |
| 008 |
220329s2022 hu om 0|| eng d |
| 024 |
7 |
|
|a 10.14232/phd.11244
|2 doi
|
| 024 |
7 |
|
|a 32858930
|2 mtmt
|
| 040 |
|
|
|a SZTE Doktori Repozitórium
|b hun
|
| 041 |
|
|
|a eng
|
| 100 |
1 |
|
|a Degovics Döníz
|
| 245 |
1 |
0 |
|a Novel pharmaceutical approaches for the promotion of dermal wound healing
|h [elektronikus dokumentum] /
|c Degovics Döníz
|
| 246 |
1 |
0 |
|a Új lehetőségek a bőrsebek gyógyulásának gyógyszeres elősegítésére
|h [elektronikus dokumentum]
|
| 260 |
|
|
|c 2022-04-11
|
| 502 |
|
|
|a Disszertacio
|
| 650 |
|
4 |
|a klinikai orvostudományok
|
| 650 |
|
4 |
|a Bőrgyógyászat és nemibeteg-gondozás
|
| 700 |
1 |
|
|a Erős Gábor
|e ths
|
| 856 |
4 |
0 |
|u https://doktori.bibl.u-szeged.hu/id/eprint/11244/1/Disszert%C3%A1ci%C3%B3-%C3%B6sszef%C5%B1z%C3%B6tt.pdf
|z Dokumentum-elérés
|
| 856 |
4 |
0 |
|u https://doktori.bibl.u-szeged.hu/id/eprint/11244/2/T%C3%A9zis_angol.pdf
|z Dokumentum-elérés
|
| 856 |
4 |
0 |
|u https://doktori.bibl.u-szeged.hu/id/eprint/11244/3/T%C3%A9zis_magyar.pdf
|z Dokumentum-elérés
|